La función histórica de la pastoral social católica en el acontecer costarricense: 1940-1983
Salvato in:
| Autore principale: | |
|---|---|
| Natura: | testo |
| Soggetti: | |
| Tags: |
Aggiungi Tag
Nessun Tag, puoi essere il primo ad aggiungerne!!
|
MARC
| LEADER | 00000 a a2200000 04500 | ||
|---|---|---|---|
| 001 | 13165 | ||
| 003 | |||
| 040 | |||
| 090 | |a 0004 B641f | ||
| 100 | |a Blanco Brakenridge, Gustavo | ||
| 245 | |a La función histórica de la pastoral social católica en el acontecer costarricense: 1940-1983 | ||
| 300 | |a 114 p. | ||
| 300 | |b **no definido** | ||
| 650 | |a IGLESIA CATOLICA | ||
| 650 | |a COSTA RICA | ||
| 999 | |c 16677 |d 16677 | ||
